| 000 | 01013nam a22002057a 4500 | ||
|---|---|---|---|
| 005 | 20250409150702.0 | ||
| 008 | 250220b ||||| |||| 00| 0 eng d | ||
| 020 | _a9789391187118 | ||
| 040 | _cAL | ||
| 041 | _aeng | ||
| 082 |
_223 _a338.1762 _bJAIE |
||
| 100 |
_aJain A K _9201434 |
||
| 245 | _aEconomics evaluation of dairy animal production | ||
| 260 |
_aNew Delhi _bBio-Green Books _c2023 |
||
| 300 |
_aviii,312p. _bHB _c23x15cm. |
||
| 365 |
_2General _a6383 _b₹2360.00 _c₹ _d₹2950.00 _e20% _f06/02/2025 |
||
| 520 | _aThe central focus of this book is economics of dairy animal production, which aimed to analyse the economics of dairy animal production, income and employment generation, management practices adopted in dairy farming. The content of the book is sequentially presented in the book for easy and comprehensive learning. It is meant to serve as an important book for students, teachers and researchers engaged related field. | ||
| 650 |
_2Economics _aProduction _9201435 |
||
| 942 |
_2ddc _cBK |
||
| 999 |
_c233845 _d233845 |
||